LEADER 01235nam 2200457 450 001 9910502641003321 005 20230424143231.0 010 $a3-030-80526-3 035 $a(CKB)4100000012036787 035 $a(MiAaPQ)EBC6734387 035 $a(Au-PeEL)EBL6734387 035 $a(OCoLC)1269480633 035 $a(PPN)258057726 035 $a(EXLCZ)994100000012036787 100 $a20220623d2021 uy 0 101 0 $aeng 135 $aurcnu|||||||| 181 $ctxt$2rdacontent 182 $cc$2rdamedia 183 $acr$2rdacarrier 200 00$aNutrition and oral health /$fGerry McKenna, editor 210 1$aCham, Switzerland :$cSpringer,$d[2021] 210 4$d©2021 215 $a1 online resource (84 pages) 311 $a3-030-80525-5 606 $aNutrition and dental health 606 $aDents$2thub 606 $aDieta$2thub 608 $aLlibres electrònics$2thub 615 0$aNutrition and dental health. 615 7$aDents 615 7$aDieta 676 $a617.601 702 $aMcKenna$b Gerry$f1980- 801 0$bMiAaPQ 801 1$bMiAaPQ 801 2$bMiAaPQ 906 $aBOOK 912 $a9910502641003321 996 $aNutrition and Oral Health$92568995 997 $aUNINA